The nightriders /

Guardat en:
Dades bibliogràfiques
Autor principal: McCurtin, Peter
Format: Llibre
Idioma:English
Publicat: Hong Kong : Horwitz, 1979.
Col·lecció:McCurtin, Peter. Sundance ; 26.
LEADER 01007cam a2200277 a 4500
001 c000267854
003 CARM
005 20070821142314.0
008 791206s1979 cc 000 1 eng d
019 1 |a 1660131  |5 LACONCORD2021 
020 |a 0725506059 (pbk.) :  |c $1.95 Aust 
035 |a (OCoLC)27552178  |5 LACONCORD2021 
040 |a ANB  |b eng  |c ANB  |d ANL  |d VCAV 
042 |a anuc 
082 0 4 |a 813.54  |2 22 
100 1 |a McCurtin, Peter. 
245 1 4 |a The nightriders /  |c Peter McCurtin. 
260 |a Hong Kong :  |b Horwitz,  |c 1979. 
300 |a 185 p. ;  |c 18 cm. 
490 0 |a Bucks books 
490 1 |a Sundance / Peter McCurtin ;  |v 26 
500 |a Novels in English. American writers, 1945-. Texts (ANB/PRECIS SIN 0007471) 
800 1 |a McCurtin, Peter.  |t Sundance ;  |v 26. 
852 8 |b CARM  |h A1:AM09A0  |i A04683  |p 0388234  |f BK 
999 f f |i 18c7fb33-ceda-5a4e-97fe-91a1ba47db94  |s ddde27bb-e8cf-56f2-96ee-b3a8916d8451 
952 f f |p Can circulate  |a CAVAL  |b CAVAL  |c CAVAL  |d CARM 1 Store  |e A04683  |f A1:AM09A0  |h Other scheme  |i book  |m 0388234